00650nam a2200193 a 4500001001000000003000900010005001700019008004100036040002500077082002400102100002600126245007800152260002600230300003000256500005600286650002400342650002700366650006300393000007384DO-SdBNP20240412074204.0090908s1999 dr c 001 p spa d aDO-SdBNPbspacBNPHU 4aRD861.44bB533e2221 aBerroa, Robertd1955-10aEspacio fecundo :bantología de poetas hatomayorenses /cRobert Berroa. aSanto Domingo,c1999. a228 p. :bretrs ;c21 cm. aIncluye datos biográficos del autor en la solapa. 0aPoesía dominicana 0aLiteratura dominicana. 4aAutoreszHato Mayor (República Dominicana)vBiografías